| 000 | 00000nam 2200000zi 4500 |
| 001 | 9.927701 |
| 003 | CaOODSP |
| 005 | 20230925090805 |
| 006 | m o d f |
| 007 | cr cn||||||||| |
| 008 | 230922s2023 quc o f001 0 eng d |
| 020 | |a9780660680491 |
| 040 | |aCaOODSP|beng|erda|cCaOODSP |
| 043 | |an-cn--- |
| 086 | 1 |aSB4-34/2023E-PDF |
| 245 | 00|aClass FC : |ba classification for Canadian history. |
| 246 | 10|aClassification for Canadian history |
| 250 | |aFourth edition. |
| 264 | 1|aGatineau : |bLibrary and Archives Canada = Bibliothèque et archives Canada, |c2023. |
| 300 | |a1 online resource (151 pages) |
| 336 | |atext|btxt|2rdacontent |
| 337 | |acomputer|bc|2rdamedia |
| 338 | |aonline resource|bcr|2rdacarrier |
| 500 | |aCover title. |
| 500 | |aIssued also in French under title: Classe FC : une classification pour l'histoire du Canada. |
| 504 | |aIncludes index. |
| 520 | |a"LAC's Indigenous Heritage Action Plan states that we will adapt the way we describe LAC's collection items related to First Nations, Inuit and the Métis Nation to enhance access and ensure a culturally appropriate and respectful approach. Because the language describing Indigenous materials is often not reflective of the terminology preferred by First Nation, Inuit and Métis Nation communities in Canada, in 2019, LAC started a review of subject headings and classification. The direct contribution of First Nations, Inuit and the Métis Nation is an essential part of our efforts to update the vocabulary. The fourth edition of Class FC, a classification for Canadian history, was revised in 2022-2023 to update the vocabulary describing Indigenous Peoples"--Preface to the fourth edition, page 7. |
| 650 | 0|aClassification|xArchives. |
| 650 | 0|aClassification|xGovernment publications. |
| 650 | 0|aLibraries and Indigenous peoples|zCanada. |
| 651 | 0|aCanada|xHistory|vClassification. |
| 710 | 2 |aLibrary and Archives Canada, |eissuing body. |
| 775 | 08|tClasse FC : |w(CaOODSP)9.927702 |
| 795 | |tClass FC |b3rd edition|w(CaOODSP)9.629576 |
| 856 | 40|qPDF|s1.63 MB|uhttps://publications.gc.ca/collections/collection_2023/bac-lac/SB4-34-2023-eng.pdf |